000 00331nam a22001217a 4500
020 _a1881378241
082 _222
_a338.47005276
100 _aKaye, Doug.
245 _aLoosely coupled :
_bthe missing pieces of web services /
260 _aCalifornia,
_bRDS Press,
_cc2003.
300 _axvi, 334p. ;
_bill. ;
_c23 cm.
942 _2ddc
_cGEN
999 _c2051
_d2051